000 00301nam a22001217a 4500
008 230607b xxu||||| |||| 00| 0 eng d
082 _a967.62
_bKEN
245 _aKenya Tourism Guide
_b2010-2011
250 _a6th ed.
260 _aKenya
_bTravel Discovery Kenya
_c2011
300 _a257 p
942 _2ddc
_cBK
999 _c762
_d762